ARRUPE JESUIT UNIVERSITY

CORONAVIRUS -STOP THE SPREAD - CLEAN,DISINFECT,COVER

The Asian political theatres (Record no. 124618)

MARC details
000 -LEADER
fixed length control field 00445nam a22001457a 4500
008 - FIXED-LENGTH DATA ELEMENTS--GENERAL INFORMATION
fixed length control field 160414b xxu||||| |||| 00| 0 eng d
050 ## - LIBRARY OF CONGRESS CALL NUMBER
Classification number PN2860.T374
100 ## - MAIN ENTRY--PERSONAL NAME
Personal name Kaitaro, Tsuno [et al]
9 (RLIN) 23800
245 ## - TITLE STATEMENT
Title The Asian political theatres
Statement of responsibility, etc Tsuno Kaitaro
260 ## - PUBLICATION, DISTRIBUTION, ETC. (IMPRINT)
Place of publication, distribution, etc Tokyo
Name of publisher, distributor, etc The Pacific- Asia Resources Centre
Date of publication, distribution, etc 1979
300 ## - PHYSICAL DESCRIPTION
Extent 113p. ;
Dimensions 26cm.
440 ## - SERIES STATEMENT/ADDED ENTRY--TITLE
Title AMPO
Number of part/section of a work 2/3
Volume number/sequential designation 11
9 (RLIN) 23801
650 ## - SUBJECT ADDED ENTRY--TOPICAL TERM
Topical term or geographic name as entry element Theatre
Geographic subdivision Asia
9 (RLIN) 23802
942 ## - ADDED ENTRY ELEMENTS (KOHA)
Source of classification or shelving scheme Library of Congress Classification
Item type Monograph ( Printed materials)
Holdings
Withdrawn status Lost status Source of classification or shelving scheme Damaged status Not for loan Collection code Home library Current library Shelving location Date acquired Total Checkouts Full call number Barcode Date last seen Price effective from Koha item type
    Library of Congress Classification     Main Collection ARRUPE LIBRARY ARRUPE LIBRARY Main Collection 14/04/2016   PN2860.T374 46500006842 27/03/2019 14/04/2016 Monograph ( Printed materials)

 

Arrupe Library. PO Box MP320 Mt Pleasant, Harare, Zimbabwe
263 242 745411|librarian@aju.ac.zw